New chinese architecture / (Record no. 354036)
[ view plain ]
| 000 -LEADER | |
|---|---|
| fixed length control field | 01592nam a2200289 a 4500 |
| 001 - CONTROL NUMBER | |
| control field | ASIN1856696081 |
| 003 - CONTROL NUMBER IDENTIFIER | |
| control field | OSt |
| 005 - DATE AND TIME OF LATEST TRANSACTION | |
| control field | 20180116192425.0 |
| 008 - FIXED-LENGTH DATA ELEMENTS--GENERAL INFORMATION | |
| fixed length control field | 150127s2009 xxu eng d |
| 020 ## - INTERNATIONAL STANDARD BOOK NUMBER | |
| International Standard Book Number | 1856696081 (hardcover) |
| Terms of availability | $40.00 |
| 020 ## - INTERNATIONAL STANDARD BOOK NUMBER | |
| International Standard Book Number | 9781856696081 (hardcover) |
| 040 ## - CATALOGING SOURCE | |
| Transcribing agency | 0 |
| 050 04 - LIBRARY OF CONGRESS CALL NUMBER | |
| Classification number | NA1545.6 |
| 082 04 - DEWEY DECIMAL CLASSIFICATION NUMBER | |
| Classification number | 720.95109051 |
| 100 1# - MAIN ENTRY--PERSONAL NAME | |
| Personal name | Jie, Zhi Wenjun Xu. |
| 9 (RLIN) | 7901 |
| 245 10 - TITLE STATEMENT | |
| Title | New chinese architecture / |
| Statement of responsibility, etc. | Zhi Wenjun Xu Jie. |
| 250 ## - EDITION STATEMENT | |
| Edition statement | 1st ed. |
| 260 ## - PUBLICATION, DISTRIBUTION, ETC. | |
| Place of publication, distribution, etc. | London : |
| Name of publisher, distributor, etc. | Laurence King Publishing; |
| Date of publication, distribution, etc. | 2009. |
| 300 ## - PHYSICAL DESCRIPTION | |
| Extent | 480 p. ; |
| Dimensions | 26 cm. |
| 362 ## - DATES OF PUBLICATION AND/OR SEQUENTIAL DESIGNATION | |
| Dates of publication and/or sequential designation | 2009. |
| 520 ## - SUMMARY, ETC. | |
| Summary, etc. | Over the last five years, China has experienced an unprecedented boom in architecture and has become the most dynamic and active region in the world. The complex fusion of both Chinese and Western influences has given its architecture a unique style. This comprehensive, wide ranging book showcases the most exciting projects of recent years, with extensive imagery together with clear line drawings. It covers buildings all over China and of every type and scale: houses, schools, universities, offices, retail spaces, galleries, and museums. Across its 480 pages this book provides the most complete survey of contemporary Chinese architecture to date and will be indispensable for architects, students, and all those with an interest in architecture. |
| 650 #0 - SUBJECT ADDED ENTRY--TOPICAL TERM | |
| Topical term or geographic name entry element | Architecture |
| 9 (RLIN) | 7902 |
| 650 #0 - SUBJECT ADDED ENTRY--TOPICAL TERM | |
| Topical term or geographic name entry element | China |
| 9 (RLIN) | 7903 |
| 856 40 - ELECTRONIC LOCATION AND ACCESS | |
| Materials specified | Amazon.com |
| Uniform Resource Identifier | <a href="http://www.amazon.com/exec/obidos/ASIN/1856696081/chopaconline-20">http://www.amazon.com/exec/obidos/ASIN/1856696081/chopaconline-20</a> |
| 942 ## - ADDED ENTRY ELEMENTS (KOHA) | |
| Source of classification or shelving scheme | |
| Koha item type | Book |
| Withdrawn status | Lost status | Source of classification or shelving scheme | Damaged status | Not for loan | Permanent Location | Current Location | Date acquired | Total Checkouts | Full call number | Barcode | Date last seen | Copy number | Cost, replacement price | Price effective from | Koha item type |
|---|---|---|---|---|---|---|---|---|---|---|---|---|---|---|---|
| School of Art Design and Architecture (SADA) | School of Art Design and Architecture (SADA) | 01/26/2015 | 720.95109051 JIE 2009 | SADA0002415 | 01/05/2017 | 01 | 3487.57 | 01/05/2017 | Book |
